LEADER 02452nam a2200397 u 4500 001 000000033854 003 CaOOAMICUS 005 20070226112416.0 008 971114m1975 fr u000 u fre u 035 $a10776203 040 $aPUL(R)$bita$dEFR 041 1 $afre$alat 100 0 $aAugustinus,$cs., vesc. d'Ippona,$d354-430.$0(OLS)http://pul/name/1290 240 10$aDe gratia Christi et peccato originali$9(Augustinus, s., vesc. d'Ippona, 354-430).$lFrançaise and Latin.$0(OLS)http://pul/title/46622 245 13$aLa crise pélagienne.$nII,$pDe Gratia Christi et De peccato originali libri II. De natura et origine animae libri IV /$cIntroductions, traductions et notes par J. Plagnieux et F.-J. Thonnard. 246 32$aOeuvres de saint Augustin 260 $a[S.l.] :$bDesclée de Brouwer,$c1975. 300 $a925 p. ;$c18 cm 490 1 $aBibliothèque augustinienne., Oeuvres de Saint Augustin.$aTroisième série, La Grâce ;$v22 500 $aIndex: p. 898-918. 700 02$aAugustinus,$cs., vesc. d'Ippona,$d354-430.$tDe natura et origine animae$9(Augustinus, s., vesc. d'Ippona, 354-430)$lFrançaise and Latin.$0(OLS)http://pul/name/26286 700 1 $aThonnard, François Joseph,$cA.A.,$d1896-$0(OLS)http://pul/name/21154 700 1 $aPlagnieux, Jean.$0(OLS)http://pul/name/11909 800 0 $aAugustinus,$cs., vesc. d'Ippona,$d354-430.$tOpere$9(Augustinus, s., vesc. d'Ippona, 354-430)$lFrançaise and Latin ;$v22.$0(OLS)http://pul/nameTitle/66$0(OLS)http://pul/name/1292$0(OLS)http://pul/title/20445 830 0$aBibliothèque augustinienne.$pOeuvres de Saint Augustin.$nTroisième série,$pLa Grâce ;$v22.$0(OLS)http://pul/title/20458 850 $aPUL 852 $aPUL$W1$xSL Religione 1$y3$m17 L 22$j46443$nBK-PRI$b $qStampati$B46443$CPULBib$Z2$F46443 $H $81 900 $aAgostino,$cs., vesc. d'Ippona,$d354-430$91290 900 $aAgostino, Aurelio,$cs., vesc. d'Ippona$d354-430$91290 900 $aAgostino,$cs., vesc. d'Ippona,$d354-430$91290 900 $aAgostino, Aurelio,$cs., vesc. d'Ippona$d354-430$91290 941 1 $a8 961 $aINV: 48882 996 $6245$aLa crise pélagienne.$nII,$pDe Gratia Christi et De peccato originali libri II. De natura et origine animae libri IV$9(OLS)http://pul/title/46623 996 $6246$aOeuvres de saint Augustin$9(OLS)http://pul/title/1880 996 $6260$a[S.l.] :$bDesclée de Brouwer$9(OLS)http://pul/publisher/51415 LEADER 01184nam a2200289 a 4500 001 000000135360 003 CaOOAMICUS 005 20130905110444.0 008 130905s1993 it u000 u ita r 040 $aPUL$bita 100 1 $aBelli, Giuseppe Gioachino,$d1791-1863.$0(OLS)http://pul/name/4491 245 10$aGiuseppe G. Belli /$cpresentazione e cura di Sandro Onofri. 260 $aRoma :$bl'Unità$g1993 300 $a76 p. ;$c19 cm 490 1 $aPoeti italiani ;$v10 500 $aSuppl. dell'Unità del 1993. Ed. fuori commercio. 600 14$aBelli, Giuseppe Gioachino,$d1791-1863.$0(OLS)http://pul/subject/3715 650 4$aPoesia$ySec. XX$xCritica e interpretazione.$0(OLS)http://pul/subject/28860 700 1 $aOnofri, Sandro.$0(OLS)http://pul/name/86690 830 0$aPoeti italiani ;$v10.$0(OLS)http://pul/title/170127 850 $aPUL 852 $aPUL$W1$xDP1 Fondo E. Rossi$y115$m2 A 26$j1893$qFondi$B155396$CPULBib$Z2$F155396 $82 941 1 $a1 961 $aSul dorso collocazione ms. di E. Rossi: I 18 2 996 $6245$aGiuseppe G. Belli$9(OLS)http://pul/title/171161 996 $6260$aRoma :$bl'Unità$9(OLS)http://pul/publisher/74001